000
00283nam a22001337a 4500
008
210225b ||||| |||| 00| 0 eng d
020
_a
9781308309385
041
_a
eng
080
_a
611.085
100
_a
9
101
_a
HIS
245
_a
Many Europes
_c
Dutton,P
942
_2
udc
_c
BK
999
_c
55207
_d
55207